[Event "Tourn. n8933"]
[Site "www.chess-mail.com"]
[Date "2016.09.24"]
[Round "1"]
[White "Yvis92"]
[Black "Fabos12"]
[WhiteElo "1799"]
[BlackElo "1990"]
[Result "0-1"]
[Round "1"]
1.e4 d6
2.d4 g6
3.Ng1f3 Bf8g7
4.Nb1c3 Nb8c6
5.d5 Nc6e5
6.Nf3xe5 Bg7xe5
7.Bf1b5 Bc8d7
8.Bb5xd7 Qd8xd7
9.O-O f5
10.exf5 gxf5
11.Nc3e2 O-O-O
12.Ne2d4 Be5xd4
13.Qd1xd4 Ng8f6
14.Bc1g5 Nf6e4
15.Qd4xa7 Qd7b5
16.Bg5xe7 Rd8e8
17.f3 Qb5c5
18.Qa7xc5 Ne4xc5
19.Rf1e1 Kd7
20.Be7f6 Rh8f8
21.Re1xe8 Rf8xe8
22.Kf2 c6
23.dxc6 bxc6
24.a4 Re8e6
25.Bf6c3 h5
26.a5 Nc5a6
27.Ra1a4 c5
 { time }
0-1

[Event "Match"]
[Site "www.echecsemail.com"]
[Date "2016.09.24"]
[Round "1"]
[White "Heiserman"]
[Black "Drawlward"]
[WhiteElo "2370"]
[BlackElo "2009"]
[Result "0-1"]
[Round "1"]
1.c4 c5
2.Nb1c3 g6
3.e4 Nb8c6
4.Ng1e2 Bf8g7
5.g3 e5
6.Bf1g2 Ng8e7
7.O-O O-O
8.d3 d6
9.f4 Bc8g4
10.h3 Bg4e6
11.fxe5 dxe5
12.Nc3d5 Qd8d7
13.Bc1g5 f6
14.Bg5xf6 Be6xd5
15.Bf6xg7 Rf8xf1
16.Qd1xf1 Bd5xe4
17.Bg2xe4 Kxg7
18.Qf1g2 Ra8f8
19.g4 Nc6d4
20.Ra1f1 Rf8xf1
21.Kxf1 b6
22.Qg2g3 Qd7d6
23.Ne2xd4 Qd6xd4
24.Qg3f2 Qd4xf2
25.Kxf2 Kf6
 { time }
0-1

[Event "Match"]
[Site "www.echecsemail.com"]
[Date "2016.09.24"]
[Round "1"]
[White "Caspito"]
[Black "Maciekkam"]
[WhiteElo "1850"]
[BlackElo "1779"]
[Result "0-1"]
[Round "1"]
1.e4 c5
2.b3 d6
3.Ng1f3 e6
4.Bc1b2 a6
5.c4 Nb8c6
6.d3 Ng8f6
7.g3 d5
8.e5 Nf6g8
9.Nb1a3 d4
10.Bf1g2 Qd8c7
11.O-O Nc6xe5
12.Nf3g5 h6
13.Ng5e4 Ng8f6
14.Ne4xf6 gxf6
15.Na3c2 Bc8d7
16.Nc2e1 Bd7c6
17.f4 Bc6xg2
18.Ne1xg2 Ne5d7
19.Bb2c1 f5
20.Bc1d2 Nd7f6
21.Bd2e1 Bf8e7
22.a3 O-O-O
23.b4 h5
24.Qd1f3 Qc7c6
25.b5 Qc6xf3
26.Rf1xf3 Rd8d6
27.a4 Be7d8
28.a5 Bd8c7
29.b6 Bc7d8
30.Ng2h4 Nf6d7
31.Kg2 Rh8g8
32.h3 Bd8xh4
33.Kf2 Bh4e7
34.Be1d2 h4
35.Ra1g1 hxg3
36.Rf3xg3 Be7h4
{ resign }
0-1

[Event "Match"]
[Site "www.echecsemail.com"]
[Date "2016.09.24"]
[Round "1"]
[White "Calmriver"]
[Black "Pinehill"]
[WhiteElo "1699"]
[BlackElo "2050"]
[Result "0-1"]
[Round "1"]
1.d4 Ng8f6
2.c4 e6
3.Nb1c3 Bf8b4
4.Qd1b3 Qd8e7
5.Bc1g5 c6
6.e3 Bb4xc3
7.bxc3 d5
8.c5 O-O
 { time }
0-1

[Event "Match"]
[Site "www.echecsemail.com"]
[Date "2016.09.24"]
[Round "1"]
[White "Fkarpov"]
[Black "Calmriver"]
[WhiteElo "2080"]
[BlackElo "1699"]
[Result "1-0"]
[Round "1"]
1.e4 e5
2.Ng1f3 Nb8c6
3.Bf1b5 a6
4.Bb5xc6 dxc6
5.O-O Bc8g4
6.h3 h5
7.Rf1e1 Bf8d6
8.d3 Bg4xf3
9.Qd1xf3 Qd8f6
10.Qf3e3  { time }
1-0

[Event "Match"]
[Site "www.echecsemail.com"]
[Date "2016.09.24"]
[Round "1"]
[White "Tomcapp"]
[Black "Leochessnut"]
[WhiteElo "1560"]
[BlackElo "1499"]
[Result "0-1"]
[Round "1"]
1.e4 c5
2.Bf1c4 e6
3.Ng1f3 d6
4.d3 Ng8f6
5.Nb1c3 Nb8c6
6.O-O Bf8e7
7.Bc1g5 O-O
8.a3 Nc6d4
9.Nf3xd4 cxd4
10.Nc3b5 Qd8b6
11.Qd1f3 a6
12.Bg5xf6 Be7xf6
13.b4 axb5
14.Bc4b3 Bc8d7
15.Ra1e1 Ra8xa3
16.e5 dxe5
17.Re1e4 Bd7c6
18.h4 Bf6xh4
19.Qf3g4 Bc6xe4
20.Qg4xe4 Bh4f6
21.g4 Rf8a8
22.Kh2 Ra3a1
23.Rf1xa1 Ra8xa1
24.g5 Bf6e7
 { time }
0-1

[Event "Match"]
[Site "www.echecsemail.com"]
[Date "2016.09.24"]
[Round "1"]
[White "Hundegana"]
[Black "Calmriver"]
[WhiteElo "2040"]
[BlackElo "1699"]
[Result "1-0"]
[Round "1"]
1.f4 d5
2.d4 Ng8f6
3.e3 Bc8f5
4.Bf1d3 e6
5.a3 Nb8d7
6.Bd3xf5 exf5
7.Nb1d2 Nf6e4
8.Nd2xe4 fxe4
9.g3  { time }
1-0

[Event "Match"]
[Site "www.echecsemail.com"]
[Date "2016.09.24"]
[Round "1"]
[White "Leochessnut"]
[Black "Coraza8091"]
[WhiteElo "1499"]
[BlackElo "1650"]
[Result "1-0"]
[Round "1"]
1.e4 e5
2.Ng1f3 Nb8c6
3.Bf1b5 Nc6d4
4.Nf3xd4 exd4
5.d3 c6
6.Bb5c4 d5
7.exd5 Qd8e7
8.Qd1e2 Qe7xe2
9.Kxe2 Bc8g4
10.f3 Bg4d7
11.Kf2 Ng8f6
12.Rh1e1 Kd8
13.dxc6 bxc6
14.Bc4xf7 Bf8b4
15.Bc1d2 Bb4xd2
16.Nb1xd2 Ra8b8
17.Bf7b3 Nf6h5
18.Re1e4 c5
19.Re4e5 Nh5f4
20.g3 Nf4h3
21.Kg2 h6
22.Ra1e1  { time }
1-0

[Event "Match"]
[Site "www.echecsemail.com"]
[Date "2016.09.24"]
[Round "1"]
[White "Pare123"]
[Black "Coraza"]
[WhiteElo "1950"]
[BlackElo "1790"]
[Result "1-0"]
[Round "1"]
1.c4 e5
2.Nb1c3 Bf8c5
3.Ng1f3 Nb8c6
4.e3 Ng8f6
5.a3 O-O
6.Bf1e2 e4
7.Nf3g5 Rf8e8
8.b4 Bc5e7
9.Ng5xe4 Be7d6
10.Ne4xd6 cxd6
11.Bc1b2 b6
12.O-O a5
13.b5 Nc6e5
14.d4 Ne5g6
15.Be2f3 Ra8b8
16.d5 Ng6e5
17.Bf3e2 Ne5g6
18.Be2d3 Bc8b7
19.Nc3a4 Bb7xd5
20.cxd5 Rb8c8
21.Bd3xg6 hxg6
22.Bb2xf6 Qd8xf6
23.Na4xb6 Rc8c7
24.Qd1a4 Qf6c3
25.Qa4g4 Re8e7
26.Qg4f4 Qc3c5
27.Qf4d4 Qc5xb5
28.Ra1b1 Qb5a6
29.Qd4f4 Re7e5
30.e4 Rc7b7
31.Nb6a4 g5
32.Qf4f3 Rb7c7
33.Rb1b8 Rc7c8
34.Rb8b6 Qa6c4
35.Na4b2 Qc4c5
36.Rb6b3 Qc5d4
37.Rb3e3 Qd4xb2
38.Qf3h5 f6
39.Re3h3 Re5e8
40.Qh5g6 Kf8
41.Rh3h8 Ke7
42.Qg6xg7 Kd8
43.Rh8xe8 Kc7
44.Re8xc8 Kxc8
45.Qg7f8 Kc7
46.g3 Qb2e5
47.Rf1c1 Kb6
48.Qf8b8 Ka6
49.Rc1b1 { resign }
1-0

[Event "Match"]
[Site "www.echecsemail.com"]
[Date "2016.09.24"]
[Round "1"]
[White "Calmriver"]
[Black "Guidom"]
[WhiteElo "1699"]
[BlackElo "2020"]
[Result "0-1"]
[Round "1"]
1.d4 d5
2.Ng1f3 c6
3.c4 e6
4.Nb1c3 Bf8b4
5.Qd1b3 Qd8a5
6.Bc1d2 Nb8d7
7.a3 Bb4xc3
8.Bd2xc3 Qa5b6
9.Qb3c2 Ng8f6
10.Nf3d2 O-O
 { time }
0-1

[Event "Match"]
[Site "www.echecsemail.com"]
[Date "2016.09.24"]
[Round "1"]
[White "Calmriver"]
[Black "Krystek23"]
[WhiteElo "1699"]
[BlackElo "2330"]
[Result "0-1"]
[Round "1"]
1.d4 Ng8f6
2.c4 g6
3.Nb1c3 Bf8g7
4.e4 d6
5.Ng1f3 c6
6.Bf1e2 O-O
7.O-O Nb8d7
8.h3 c5
 { time }
0-1

[Event "Match"]
[Site "www.echecsemail.com"]
[Date "2016.09.24"]
[Round "1"]
[White "Billyg"]
[Black "Ketchuplover"]
[WhiteElo "1570"]
[BlackElo "1750"]
[Result "0-1"]
[Round "1"]
1.e4 c5
2.d4 e6
3.Ng1f3 cxd4
4.Nf3xd4 a6
5.h4 Bf8c5
6.Bc1e3 Qd8b6
7.Nd4b3 Bc5xe3
8.fxe3 Qb6xe3
9.Qd1e2 Qe3xe2
10.Bf1xe2 Ng8e7
11.Nb1c3 O-O
12.O-O-O Nb8c6
13.Nc3a4 d5
14.Na4b6 Ra8b8
15.exd5 Ne7xd5
16.Be2f3 Nd5xb6
17.Nb3c5 Nc6e5
18.Rh1f1 Ne5xf3
19.Rf1xf3 Nb6d5
20.Rf3d3 b6
21.Nc5e4 f5
22.Ne4g5 h6
23.Ng5f3 Bc8b7
24.Nf3e5 Nd5b4
25.Rd3a3 Bb7xg2
26.c3 Nb4d5
27.Ne5d7 Rf8d8
28.Nd7xb8 Rd8xb8
29.Ra3xa6 f4
30.c4 Nd5e3
31.Rd1d2 f3
32.b3 Ne3g4
33.Ra6a4 f2
34.Rd2d1 f1Q
35.Rd1xf1 Bg2xf1
36.c5 h5
37.Ra4b4 b5
38.a4 Ng4e5
39.Kd2 Ne5c6
40.axb5 Rb8xb5
{ resign }
0-1

[Event "1/32 Finale"]
[Site "www.chess-mail.com"]
[Date "2016.09.24"]
[Round "1"]
[White "Nimzo"]
[Black "Fkarpov"]
[WhiteElo "2810"]
[BlackElo "2100"]
[Result "1-0"]
[Round "1"]
1.d4 Ng8f6
2.c4 e6
3.Ng1f3 Bf8b4
4.Bc1d2 Bb4e7
5.Nb1c3 O-O
6.e4 d5
7.Bf1d3 dxe4
8.Nc3xe4 Nb8c6
9.Bd2c3 Be7b4
10.Qd1c2 Nf6xe4
11.Bd3xe4 g6
12.h4 Nc6xd4
13.Nf3xd4 Qd8xd4
14.Bc3xb4 { resign }
1-0

[Event "Eq:SIETE ESTRELLAS VERDES-Los Tercios : "]
[Site "www.chess-mail.com"]
[Date "2016.09.24"]
[Round "1"]
[White "Susov"]
[Black "Azorau"]
[WhiteElo "1850"]
[BlackElo "2020"]
[Result "1-0"]
[Round "1"]
1.e4 e5
2.Ng1f3 Nb8c6
3.Bf1c4 h6
4.Nb1c3 b6
5.d3 Bc8b7
6.Bc4d5 Qd8f6
7.Nc3b5 O-O-O
8.Bd5xc6 dxc6
9.Nb5c3 Bf8b4
10.Bc1d2 Ng8e7
11.a3 Bb4xc3
12.Bd2xc3 Ne7g6
13.Qd1d2 Bb7a6
14.O-O-O Rh8e8
15.Qd2e3 Ng6f4
16.Rh1g1 g5
17.d4 exd4
18.Bc3xd4 Qf6e6
19.e5 Nf4d5
20.Qe3e4 Nd5f6
21.Qe4e3 Nf6g4
22.Qe3b3 Ba6c4
23.Qb3c3 Bc4e2
24.Rd1d2 Be2xf3
25.gxf3 Qe6a2
26.b4 Ng4xh2
27.Rg1d1 Kb8
28.Qc3xc6 Qa2xa3
29.Bd4b2 { resign }
1-0

[Event "Fast Game"]
[Site "www.echecsemail.com"]
[Date "2016.09.24"]
[Round "1"]
[White "Libiesse"]
[Black "Stevep84"]
[WhiteElo "1690"]
[BlackElo "1970"]
[Result "1/2-1/2"]
[Round "1"]
1.d4 c6
2.c4 d5
3.cxd5 cxd5
4.Ng1f3 Nb8c6
5.Nb1c3 Ng8f6
6.a3 Bc8f5
7.h3 e6
8.Bc1g5 h6
9.Bg5h4 Bf8e7
10.e3 Nf6e4
11.Bh4xe7 Qd8xe7
12.Bf1b5 O-O
13.Ra1c1 Qe7d6
14.Bb5xc6 bxc6
15.O-O Ra8b8
16.b4 Ne4xc3
17.Rc1xc3 Rb8b5
18.Qd1c1 Rf8c8
19.Rc3c5 Rb5xc5
20.dxc5 Qd6b8
21.Qc1c3 Qb8b5
22.Nf3d4 Qb5d3
23.Qc3xd3 Bf5xd3
24.Rf1d1 Bd3c4
25.Rd1b1 a6
26.h4 { time. }{ draw }
1/2-1/2

[Event "Tourn. n8952"]
[Site "www.chess-mail.com"]
[Date "2016.09.25"]
[Round "1"]
[White "Maciekkam"]
[Black "Vasylpuzanov"]
[WhiteElo "1779"]
[BlackElo "1770"]
[Result "1-0"]
[Round "1"]
1.d4 Ng8f6
2.c4 e5
3.dxe5 Nf6g4
4.Bc1f4 Nb8c6
5.Ng1f3 Bf8b4
6.Nb1d2 Qd8e7
7.e3 Nc6xe5
8.Nf3xe5 Ng4xe5
9.Bf1e2 d6
10.O-O  { time }
1-0

[Event "Tourn. n8967"]
[Site "www.chess-mail.com"]
[Date "2016.09.25"]
[Round "1"]
[White "Francesco"]
[Black "Vasylpuzanov"]
[WhiteElo "1930"]
[BlackElo "1820"]
[Result "1-0"]
[Round "1"]
1.e4 e5
2.Ng1f3 Nb8c6
3.d4 exd4
4.Nf3xd4 Bf8c5
5.Nd4xc6 Qd8f6
6.f3 dxc6
7.Nb1c3  { time }
1-0

[Event "Tourn. n8937"]
[Site "www.chess-mail.com"]
[Date "2016.09.25"]
[Round "1"]
[White "Amaya"]
[Black "Yvis92"]
[WhiteElo "2080"]
[BlackElo "1799"]
[Result "1-0"]
[Round "1"]
1.d4 Ng8f6
2.e3 d5
3.Bf1d3 Nb8c6
4.c3 e5
5.Nb1d2 Bf8d6
6.f3 O-O
7.a3 Nc6e7
8.Ng1e2 c5
9.O-O Ne7f5
10.Bd3xf5 Bc8xf5
11.Ne2g3 Bf5d3
12.Rf1e1 c4
13.b3 exd4
14.exd4 Rf8e8
15.bxc4 Qd8a5
16.Bc1b2 Bd6xg3
17.hxg3  { time }
1-0

[Event "Tourn. n8935"]
[Site "www.chess-mail.com"]
[Date "2016.09.25"]
[Round "1"]
[White "Pwain"]
[Black "Tartan"]
[WhiteElo "2340"]
[BlackElo "2430"]
[Result "1-0"]
[Round "1"]
1.e4 c5
2.Ng1f3 Nb8c6
3.Bf1b5 g6
4.O-O Bf8g7
5.Nb1c3 Nc6d4
6.Bb5a4 e5
7.Nf3xd4 cxd4
8.Nc3b5 Ng8f6
9.Nb5d6 Ke7
10.Nd6xc8 Ra8xc8
11.d3 Qd8b6
12.f4 d6
13.fxe5 dxe5
14.Qd1f3 Rh8d8
15.g4 h6
16.Ba4b3 { resign }
1-0

[Event "Tourn. n8965"]
[Site "www.chess-mail.com"]
[Date "2016.09.25"]
[Round "1"]
[White "Nulladies"]
[Black "Vasylpuzanov"]
[WhiteElo "1800"]
[BlackElo "1820"]
[Result "1-0"]
[Round "1"]
1.d4 Ng8f6
2.Bc1f4 d5
3.Ng1f3 Nb8c6
4.e3 Bc8g4
5.Bf1e2 e6
6.c3 Bf8d6
7.Nf3e5  { time }
1-0

[Event "Match"]
[Site "www.echecsemail.com"]
[Date "2016.09.25"]
[Round "1"]
[White "Orae"]
[Black "Irene"]
[WhiteElo "1810"]
[BlackElo "1980"]
[Result "0-1"]
[Round "1"]
1.e4 e5
2.Ng1f3 Nb8c6
3.Bf1c4 Ng8f6
4.Nf3g5 d5
5.exd5 Nc6d4
6.d6 Nd4e6
7.Bc4xe6 Bc8xe6
8.Ng5xe6 fxe6
9.dxc7 Qd8xc7
10.Nb1c3 Qc7c4
11.d3 Qc4h4
12.Nc3b5 O-O-O
13.Nb5xa7 Kb8
14.g3 Qh4a4
15.Bc1e3 Rd8c8
16.b3 Qa4a5
17.Ke2 Rc8c7
18.c4 b6
19.Na7b5 Rc7d7
20.Be3d2 Qa5a8
21.f3 Bf8c5
22.h4 Rh8d8
23.d4 exd4
24.Bd2f4 Kc8
25.Qd1d3 Bc5b4
26.Bf4d2 Bb4c3
27.Ra1c1 e5
28.Bd2g5 Qa8xa2
29.Rc1c2 Qa2xc2
30.Bg5d2 Qc2xd3
31.Kxd3 e4
32.fxe4 Bc3xd2
33.Kxd2 Nf6xe4
34.Kd3 Ne4f2
{ resign }
0-1

[Event "Match"]
[Site "www.echecsemail.com"]
[Date "2016.09.25"]
[Round "1"]
[White "Llord"]
[Black "Calmriver"]
[WhiteElo "1890"]
[BlackElo "1699"]
[Result "1-0"]
[Round "1"]
1.e4 c5
2.Bf1c4 Nb8c6
3.Ng1f3 d6
4.O-O Ng8f6
5.Nb1c3 e6
6.d4 cxd4
7.Nf3xd4 Bf8e7
8.Nd4xc6 bxc6
9.Bc1f4 Qd8c7
10.Rf1e1  { time }
1-0

[Event "Match"]
[Site "www.echecsemail.com"]
[Date "2016.09.25"]
[Round "1"]
[White "Calmriver"]
[Black "Pellix84"]
[WhiteElo "1699"]
[BlackElo "1950"]
[Result "0-1"]
[Round "1"]
1.d4 Ng8f6
2.Ng1f3 e6
3.c4 d5
4.g3 c6
5.Bf1g2 Bf8b4
6.Bc1d2 Qd8a5
7.a3 Nb8a6
8.O-O Bb4xd2
9.Nf3xd2 O-O
 { time }
0-1

[Event "Match"]
[Site "www.echecsemail.com"]
[Date "2016.09.25"]
[Round "1"]
[White "Calmriver"]
[Black "Fangshuo"]
[WhiteElo "1699"]
[BlackElo "2090"]
[Result "0-1"]
[Round "1"]
1.d4 d5
2.c4 dxc4
3.Ng1f3 Ng8f6
4.Nb1c3 e6
5.e3 c5
6.Bf1xc4 Nb8c6
7.O-O cxd4
8.exd4 Bf8d6
9.Bc1g5 O-O
10.Qd1e2 a6
11.Rf1d1 b5
 { time }
0-1

[Event "1/128 Finale"]
[Site "www.chess-mail.com"]
[Date "2016.09.25"]
[Round "1"]
[White "Yvis92"]
[Black "Pwain"]
[WhiteElo "1799"]
[BlackElo "2300"]
[Result "0-1"]
[Round "1"]
1.e4 e5
2.Ng1f3 Nb8c6
3.Nb1c3 Ng8f6
4.d4 exd4
5.Nf3xd4 Bf8b4
6.Nd4xc6 bxc6
7.Bf1d3 O-O
8.O-O Rf8e8
9.Bc1g5 h6
10.Bg5h4 Ra8b8
11.Rf1e1 Bb4d6
12.Ra1b1 Bd6e5
13.Qd1d2 d6
14.b4 g5
15.Bh4g3 Be5xg3
16.hxg3 Nf6h5
 { time }
0-1

[Event "1/8 Finale"]
[Site "www.chess-mail.com"]
[Date "2016.09.25"]
[Round "1"]
[White "Asoka"]
[Black "Jose"]
[WhiteElo "2720"]
[BlackElo "2760"]
[Result "1/2-1/2"]
[Round "1"]
1.d4 d5
2.c4 e5
3.dxe5 d4
4.Ng1f3 Nb8c6
5.Nb1d2 Ng8e7
6.Nd2b3 Ne7f5
7.e4 dxe3
8.Qd1xd8 Nc6xd8
9.fxe3 g6
10.Nb3d4 Bf8g7
11.Bc1d2 O-O
12.Bf1d3 Nf5e7
13.Bd3e4 Bc8g4
14.O-O-O Ne7c6
15.Nd4xc6 Nd8xc6
16.Be4xc6 bxc6
17.Bd2a5 Bg4xf3
18.gxf3 Bg7xe5
19.h4 Ra8e8
20.Rd1d3 Re8d8
{ draw }
1/2-1/2

[Event "Fast Game"]
[Site "www.echecsemail.com"]
[Date "2016.09.25"]
[Round "1"]
[White "Fkarpov"]
[Black "Romaamor69"]
[WhiteElo "1920"]
[BlackElo "1939"]
[Result "0-1"]
[Round "1"]
1.e4 e6
2.Ng1f3 d5
3.exd5 exd5
4.Bf1d3 Ng8f6
5.O-O Bf8e7
6.Nf3g5 O-O
7.Nb1c3 h6
8.Ng5f3 Rf8e8
9.Rf1e1 Nb8c6
10.Bd3b5 Bc8d7
11.d4 a6
12.Bb5xc6 Bd7xc6
13.Nf3e5 Be7d6
14.Bc1f4 Bc6d7
15.Qd1f3 Bd7e6
16.Qf3d3 Nf6h5
17.Bf4d2 Qd8f6
18.Qd3e3 Ra8d8
19.Ra1d1 c6
20.Nc3e2 Re8e7
21.Bd2a5 Rd8e8
22.c3 Be6f5
23.f4 Qf6h4
24.Qe3c1 Bf5e4
25.Qc1e3 f6
26.Re1f1 fxe5
27.dxe5 Bd6xe5
28.fxe5 Re7xe5
29.Ba5c7 Re5e6
30.Ne2f4 Nh5xf4
31.Qe3xf4 Qh4e7
32.Bc7b6 c5
33.Qf4c7 Qe7g5
34.g3 Qg5e3
35.Rf1f2 Re6xb6
36.Qc7xb6 Re8f8
37.Qb6e6 Kh7
38.Rd1f1 Rf8xf2
39.Rf1xf2 Qe3c1
40.Rf2f1 Qc1xb2
41.Qe6h3 Qb2xc3
42.Rf1f2 c4
43.Qh3f1 Qc3d4
44.Qf1c1 c3
45.a4 b5
46.axb5 axb5
47.Kf1 b4
48.Rf2e2 Be4d3
{ resign }
0-1

[Event "Fast Game"]
[Site "www.echecsemail.com"]
[Date "2016.09.25"]
[Round "1"]
[White "Fkarpov"]
[Black "Fvdp"]
[WhiteElo "1920"]
[BlackElo "1949"]
[Result "0-1"]
[Round "1"]
1.e4 c5
2.Ng1f3 d6
3.Bf1e2 Ng8f6
4.e5 dxe5
5.Nf3xe5 Nb8d7
6.Be2b5 g6
7.Qd1f3 Qd8b6
8.Qf3b3 e6
9.O-O Bf8g7
10.Qb3a4 Qb6d6
11.Ne5c4 Qd6c7
12.Nb1c3 O-O
13.Nc4e3 b6
14.Ne3g4 Bc8b7
15.d3 Nf6xg4
16.Qa4xg4 a6
17.Bb5c4 b5
18.Bc4b3 Nd7b6
19.Bc1f4 Qc7c6
20.a4 c4
21.axb5 axb5
22.dxc4 Nb6xc4
23.Ra1xa8 Rf8xa8
24.Bf4c1 Nc4xb2
25.Bc1xb2 Bg7xc3
26.Bb2xc3 Qc6xc3
27.Qg4e2 Qc3c6
28.Qe2g4 Qc6e4
29.Qg4xe4 Bb7xe4
30.f3 Be4c6
31.Rf1d1 Kf8
32.c4 b4
33.Rd1d6 Bc6a4
34.Bb3xa4 Ra8xa4
35.Rd6b6 b3
36.Rb6xb3 Ra4xc4
37.Kf2 h5
38.Rb3b2 Kg7
39.Ke3 g5
40.Kd3 Rc4a4
41.h3 Kf6
42.Kc3 Ke5
43.Rb2b5 Kf4
44.h4 gxh4
45.Rb5xh5 Kg3
46.Rh5g5 Kh2
47.Kd3 Kg1
48.Ke3 Ra4a3
49.Kf4 Kf2
50.Ke4 f6
51.Rg5g6 Ra3a4
52.Kd3 Ra4f4
53.Kc3 e5
54.Kc2 f5
55.Kd2 e4
56.fxe4 fxe4
57.Rg6e6 Kxg2
{ resign }
0-1

[Event "Fast Game"]
[Site "www.echecsemail.com"]
[Date "2016.09.25"]
[Round "1"]
[White "Fkarpov"]
[Black "4m6az"]
[WhiteElo "1920"]
[BlackElo "1759"]
[Result "1-0"]
[Round "1"]
1.e4 e5
2.Ng1f3 Nb8c6
3.Bf1b5 Nc6d4
4.Nf3xd4 exd4
5.d3 a5
6.Bb5c4 c6
7.Qd1h5 d5
8.Bc4b3 Ng8f6
9.Qh5e5 Qd8e7
10.Qe5xe7 Bf8xe7
11.Bc1g5 dxe4
12.Bg5xf6 Be7xf6
13.dxe4 a4
14.Bb3c4 d3
15.c3 O-O
16.Bc4xd3 Bc8e6
17.O-O Rf8d8
18.Bd3e2 b5
19.Rf1d1 Bf6g5
20.g3 Rd8xd1
21.Be2xd1 c5
22.Nb1a3 b4
23.cxb4 cxb4
24.Na3b5 Be6d7
25.Bd1e2 Bg5f6
26.Ra1b1 Ra8a5
27.Nb5d6 Bd7e6
28.Be2c4 Be6xc4
29.Nd6xc4 Ra5c5
30.b3 a3
31.Rb1e1 g5
32.e5 Bf6g7
33.e6  { time }
1-0

[Event "Fast Game"]
[Site "www.echecsemail.com"]
[Date "2016.09.25"]
[Round "1"]
[White "Cal"]
[Black "4m6az"]
[WhiteElo "1620"]
[BlackElo "1929"]
[Result "1-0"]
[Round "1"]
1.c4 g6
2.Nb1c3 Bf8g7
3.e4 e6
4.Ng1f3 Bg7xc3
5.bxc3 d6
6.d4 b6
7.Bc1f4 Bc8b7
8.Bf1d3 Nb8d7
9.Bf4g3 Qd8e7
10.O-O c5
11.Rf1e1 Ra8c8
12.d5 e5
13.h3 Ng8f6
14.a4 a5
15.Nf3g5  { time }
1-0

[Event "Fast Game"]
[Site "www.echecsemail.com"]
[Date "2016.09.25"]
[Round "1"]
[White "4m6az"]
[Black "Sandokam"]
[WhiteElo "2049"]
[BlackElo "1950"]
[Result "0-1"]
[Round "1"]
1.Ng1f3 d5
2.d4 c6
3.Bc1f4 h6
4.Qd1d3 Ng8f6
5.Bf4e5 Nb8d7
6.Be5xf6 Nd7xf6
7.Nb1c3 g6
8.Nf3e5 Bc8f5
9.Qd3d2 Bf8g7
10.f3 g5
11.g4 Bf5h7
12.h4 gxh4
13.g5 Nf6d7
14.Qd2f4 Nd7xe5
15.dxe5 Qd8c7
16.gxh6 Bg7xe5
17.Qf4a4 Be5g3
18.Kd1 e6
19.Bf1h3 a6
20.Qa4d4 O-O-O
21.Nc3a4 Kb8
22.Na4c5 Qc7f4
23.Nc5xa6 bxa6
24.Qd4b6 Kc8
25.Qb6xc6 Qf4c7
 { time }
0-1

[Event "Tourn. n8923"]
[Site "www.chess-mail.com"]
[Date "2016.09.26"]
[Round "1"]
[White "Wwgia"]
[Black "Liencam2"]
[WhiteElo "2070"]
[BlackElo "2290"]
[Result "0-1"]
[Round "1"]
1.d4 Ng8f6
2.c4 g6
3.Nb1c3 Bf8g7
4.e4 d6
5.Ng1f3 O-O
6.Bf1e2 e5
7.O-O Nb8c6
8.d5 Nc6e7
9.Nf3e1 Nf6e8
10.Bc1e3 f5
11.f3 f4
12.Be3f2 g5
13.a4 h5
14.a5 Rf8f6
15.b4 Rf6g6
16.c5 g4
17.cxd6 cxd6
18.Nc3b5 g3
19.Bf2xa7 Ne7c6
20.dxc6 Qd8h4
21.h3 Bc8xh3
{ resign }
0-1

[Event "Tourn. n8982"]
[Site "www.chess-mail.com"]
[Date "2016.09.26"]
[Round "1"]
[White "Bojan"]
[Black "Estonia"]
[WhiteElo "1930"]
[BlackElo "2060"]
[Result "0-1"]
[Round "1"]
1.e4 c6
2.d4 d5
3.e5 Bc8f5
4.c3 e6
5.h3 f6
6.Bc1f4 Nb8d7
7.Ng1f3 Ng8e7
8.exf6 Nd7xf6
9.Bf1e2 Ne7g6
10.Bf4h2 Bf8d6
11.Nf3e5 Bd6xe5
12.dxe5 Ng6xe5
13.Bh2xe5 O-O
14.Nb1d2 Qd8b6
15.b3 Nf6e4
16.Nd2f3 Qb6xf2
{ resign }
0-1

[Event "Tourn. n8858"]
[Site "www.chess-mail.com"]
[Date "2016.09.26"]
[Round "1"]
[White "Gearoidmac"]
[Black "Kampungboy"]
[WhiteElo "2240"]
[BlackElo "2200"]
[Result "1/2-1/2"]
[Round "1"]
1.e4 e5
2.Ng1f3 Nb8c6
3.Bf1b5 Nc6d4
4.Nf3xd4 exd4
5.O-O Bf8c5
6.d3 c6
7.Bb5a4 d6
8.Nb1d2 Ng8e7
9.a3 a5
10.b4 Bc5b6
11.b5 O-O
12.bxc6 bxc6
13.Nd2c4 Bb6c7
14.Bc1g5 f6
15.Bg5f4 d5
16.Bf4xc7 Qd8xc7
17.Nc4d2 Bc8e6
18.Rf1e1 Ne7g6
19.exd5 Be6xd5
20.Qd1g4 c5
21.Ba4b3 Bd5xb3
22.Nd2xb3 Rf8e8
23.Qg4f5 a4
24.Qf5xc5 Re8xe1
25.Ra1xe1 Qc7xc5
26.Nb3xc5 Ra8c8
27.Nc5xa4 Rc8xc2
28.h4 Ng6f4
29.Re1e4 Nf4xd3
30.Re4xd4 Nd3xf2
31.h5 f5
32.Rd4f4 Nf2g4
33.Rf4xf5 Rc2a2
34.Na4c3 { draw }
1/2-1/2

[Event "Tourn. n8864"]
[Site "www.chess-mail.com"]
[Date "2016.09.26"]
[Round "1"]
[White "Conde7"]
[Black "Destructor"]
[WhiteElo "2830"]
[BlackElo "2319"]
[Result "1-0"]
[Round "1"]
1.e4 c5
2.Ng1f3 Nb8c6
3.Bf1b5 g6
4.Nb1c3 Bf8g7
5.O-O Nc6d4
6.Bb5a4 Qd8a5
7.Ra1b1 Ng8f6
8.e5 Nf6h5
9.a3 O-O
10.b4 Nd4xf3
11.Qd1xf3 cxb4
12.Rb1xb4 Qa5xe5
13.d4 Qe5a5
14.Nc3d5 Qa5d8
15.Bc1g5 Nh5f6
16.Rf1e1 Nf6xd5
17.Qf3xd5 e6
18.Bg5xd8 exd5
19.Bd8c7 b6
20.Bc7d6 Rf8d8
21.Bd6c7 Rd8f8
22.h4 f5
23.Bc7d6 Rf8d8
24.Bd6c7 Rd8f8
25.h5 Rf8f7
26.Re1e8 Rf7f8
27.Re8e1 Rf8f7
28.Re1e8 Rf7f8
29.Re8e2 Kf7
30.Bc7d6 Rf8e8
31.Re2xe8 Kxe8
32.Rb4b1 Kf7
33.Rb1e1 Bg7f6
34.c3 a6
35.Re1e3 b5
36.Ba4d1  { time }
1-0

[Event "Tourn. n8975"]
[Site "www.chess-mail.com"]
[Date "2016.09.26"]
[Round "1"]
[White "Mao"]
[Black "Manuelito"]
[WhiteElo "1680"]
[BlackElo "1599"]
[Result "1-0"]
[Round "1"]
1.e4 e5
2.Ng1f3 d6
3.d4 f6
4.dxe5 fxe5
5.Nb1c3 Nb8c6
6.Bf1c4 Ng8f6
7.Bc1g5 Bf8e7
8.O-O h6
9.Bg5xf6 Be7xf6
10.Qd1d5 Qd8e7
11.Qd5d3 Bc8e6
12.Nc3d5 O-O-O
13.Nd5xe7 Bf6xe7
14.Bc4xe6 { resign }
1-0

[Event "Tourn. n8936"]
[Site "www.chess-mail.com"]
[Date "2016.09.26"]
[Round "1"]
[White "Jackbauer"]
[Black "Geretree"]
[WhiteElo "1900"]
[BlackElo "1870"]
[Result "0-1"]
[Round "1"]
1.e4 e5
2.f4 exf4
3.Ng1f3 Ng8f6
4.e5 Nf6d5
5.Bf1c4 Nd5b6
6.Bc4e2 Bf8c5
7.a3 d6
8.b4 Bc5f2
9.Kxf2 dxe5
10.Bc1b2 e4
11.Nf3e1 e3
12.Kg1 O-O
13.d3 Nb8c6
14.Ne1f3 Bc8g4
15.Nb1c3 Bg4xf3
16.Be2xf3 Rf8e8
17.Bf3xc6 bxc6
18.Qd1f3 Qd8d4
19.Qf3e2 Nb6d5
20.Nc3d1 Qd4b6
21.Qe2g4 e2
22.Nd1e3 Qb6xe3
{ resign }
0-1

[Event "Tourn. n8860"]
[Site "www.chess-mail.com"]
[Date "2016.09.26"]
[Round "1"]
[White "Gatrooper"]
[Black "Robinjut"]
[WhiteElo "1610"]
[BlackElo "1540"]
[Result "1-0"]
[Round "1"]
1.e4 e5
2.a3 Ng8f6
3.Nb1c3 a6
4.h3 Nb8c6
5.Ng1f3 Bf8d6
6.d3 h6
7.Bc1e3 O-O
8.Nc3d5 Nf6xd5
9.exd5 Nc6e7
10.d4 e4
11.Nf3d2 f5
12.Nd2c4 Ne7xd5
13.b3 Nd5c3
14.Qd1d2 Nc3b5
15.O-O-O Bd6xa3
16.Nc4xa3 Nb5xa3
17.d5 d6
18.Be3d4 c5
19.Bd4b2 Na3b5
20.Qd2f4 Bc8d7
21.Qf4g3 Rf8f7
22.Bf1xb5 Bd7xb5
23.f3 e3
24.Rd1e1 e2
25.c4 Qd8g5
26.Qg3xg5 hxg5
27.cxb5 axb5
28.Re1xe2 b6
29.g4 f4
30.h4 c4
31.bxc4 bxc4
32.h5 Ra8a2
{ time. }
1-0

[Event "Tourn. n8973"]
[Site "www.chess-mail.com"]
[Date "2016.09.26"]
[Round "1"]
[White "Norlavuaram"]
[Black "Libiesse"]
[WhiteElo "2150"]
[BlackElo "2000"]
[Result "1-0"]
[Round "1"]
1.e4 c5
2.Ng1f3 e6
3.d4 cxd4
4.Nf3xd4 Ng8f6
5.Bf1d3 Nb8c6
6.Bc1e3 Nc6xd4
7.Be3xd4 d6
8.O-O Bf8e7
9.c4 O-O
10.Nb1c3 Bc8d7
11.Qd1e2 Bd7c6
12.Ra1d1 Rf8e8
13.Bd3b1 Qd8a5
14.f4 Ra8c8
15.e5 dxe5
16.fxe5 Nf6d7
17.Bb1xh7 Kxh7
18.Qe2h5 Kg8
19.Qh5xf7 Kh8
20.Rd1d3 { resign }
1-0

[Event "Tourn. n8918"]
[Site "www.chess-mail.com"]
[Date "2016.09.26"]
[Round "1"]
[White "Guidom"]
[Black "Bevittsmith"]
[WhiteElo "2030"]
[BlackElo "2250"]
[Result "1/2-1/2"]
[Round "1"]
1.e4 c5
2.Ng1f3 d6
3.d4 cxd4
4.Nf3xd4 Ng8f6
5.Nb1c3 a6
6.Bc1g5 e6
7.Bf1d3 Nb8d7
8.O-O Bf8e7
9.Kh1 Nd7c5
10.f4 Qd8c7
11.Qd1d2 Bc8d7
12.f5 e5
13.Bg5xf6 Be7xf6
14.Nc3d5 Qc7d8
15.Nd4f3 Bd7c6
16.c4 Nc5xd3
17.Qd2xd3 Bc6xd5
18.cxd5 O-O
19.Rf1c1 Qd8d7
20.g4 h6
21.Rc1c4 Rf8c8
22.Ra1c1 Bf6d8
23.h4 Qd7b5
24.b3 Rc8xc4
25.Qd3xc4 Qb5xc4
26.Rc1xc4 Kf8
27.g5 Ke8
28.Kg2 Kd7
29.Kg3 Ra8c8
30.Rc4xc8 Kxc8
31.gxh6 gxh6
32.Kg4 Kd7
33.Kh5 Ke7
34.Kxh6 Kf8
35.Kh5 b5
36.Kg4 a5
37.Nf3g5 a4
38.bxa4 bxa4
39.h5 Bd8a5
40.f6 Ba5d2
41.Ng5f3 Bd2e3
42.Nf3h4 Kg8
43.Nh4f5 Be3c5
44.Nf5e7 Kh7
45.Ne7f5 Bc5b4
46.Nf5e3 Kh6
47.Ne3f5 { draw }
1/2-1/2